| 000 | 00397 a2200121 4500 | ||
|---|---|---|---|
| 001 | ART_45404 | ||
| 005 | 20260410161939.0 | ||
| 008 | 260409a | ||
| 245 | 1 | 0 | _aDegree of monopoly, pricing, and flexible exchange rates |
| 100 | 1 | _aArestis, Philip | |
| 700 | 1 | _aMilberg, William | |
| 773 | 0 |
_tJournal of post Keynesian economics _g- Vol. 16, NÂș 2 (dic.1993/mar.1994) _wREV26226 |
|
| 999 |
_c29323 _d29323 |
||